Postavenie mimoburzového a burzového trhu vo svetovom hospodárstve diplomová práca

Gespeichert in:
Bibliographische Detailangaben
1. Verfasser: Kováčová Švecová, Terézia
Körperschaft: Fakulta medzinárodných vzťahov EU. Katedra medzinárodných ekonomických vzťahov a hospodárskej diplomacie
Weitere Verfasser: Krátka, Jana
Format: Buch
Sprache:Slowakisch
Veröffentlicht: Bratislava 2017
Tags: Tag hinzufügen
Keine Tags, Fügen Sie das erste Tag hinzu!

MARC

LEADER 00000nbm a2200000 4500
001 0232001
005 20180220154802.1
041 0 |a slo 
044 |a SK 
245 1 0 |a Postavenie mimoburzového a burzového trhu vo svetovom hospodárstve  |b diplomová práca  |c Terézia Kováčová Švecová ; školiteľ: Jana Krátka 
264 1 |a Bratislava  |c 2017 
300 |a 66 s. 
100 1 |a Kováčová Švecová, Terézia 
700 1 |a Krátka, Jana 
710 2 |a Fakulta medzinárodných vzťahov EU. Katedra medzinárodných ekonomických vzťahov a hospodárskej diplomacie